000 00611nam a2200253 a 4500
001 nice12345678
003 IN_TiNIC
005 20260116011311.0
008 050524s1922 viza grd 000 0 ara
020 _a
_c100
082 0 0 _a492.7321
_bELI
100 _aElias, A Elias
245 _aAl-Qamoos-Ul-Madrasi
260 _aVizag
_bNo Publisher
_c1922
300 _a343p
500 _aincludes index and biblioraphy
505 2 _aIndex
650 _aEnglish-Arabic Dictionary
650 _aArabic-English-dictionary
700 1 _aElias, A Elias
902 _bRBA
942 _cBK
999 _c304
_d304